| 000 | 01195nam a2200301 i 4500 | ||
|---|---|---|---|
| 003 | EG-GICUC | ||
| 005 | 20260324134133.0 | ||
| 008 | 260225s1990 ua |||fr|||| 00| 0 ara d | ||
| 040 |
_a EG-GICUC _bara _c EG-GICUC _d EG-GICUC _erda |
||
| 041 | 0 | _aAra | |
| 082 | 0 | 4 |
_221 _a343.421 _bح س . ر |
| 092 | 0 | 4 | _221 |
| 099 | _aLaw1 10 343.421 ح س . ر 1990 | ||
| 100 | 0 |
_aحسن ربيع _eمؤلف. |
|
| 245 | 1 | 2 |
_aالركن المعنوى فى جرائم المخدرات : _bدراسة تحليلية تأصيلية فى ضوء آراء الفقه وأحكام القضاء / _cتأليف دكتور حسن ربيع. |
| 264 | 1 |
_aالقاهرة : _bالمؤسسة الفنية للطباعة والنشر، _c1990. |
|
| 300 |
_a264 ؛صفحة _c24 سم. |
||
| 336 |
_2rda content _atext |
||
| 337 |
_2rda media _aComputer |
||
| 338 |
_2rda carrier _aOnline Resource |
||
| 546 | _aالنص باللغة العربية | ||
| 650 | 1 |
_aالتشريعات المتعلقة بالمخدرات _2qrmak |
|
| 650 | 1 |
_aالقانون الجنائى _2qrmak |
|
| 651 | 1 | _2qrmak | |
| 856 | 4 | 0 | _uhttps://fll.law.cu.edu.eg/fulltext/bks/B10-06178.pdf |
| 905 |
_a54 _eYara |
||
| 942 |
_2ddc _cBK _e21 _n0 |
||
| 999 |
_c64182 _d64182 |
||